La coyuntura actual de la producción española / (Record no. 106094)

MARC details
000 -LEADER
campo de control de longitud fija 00917nam a2200253 i 4500
001 - NÚMERO DE CONTROL
campo de control 106094
003 - IDENTIFICADOR DE NÚMERO DE CONTROL
campo de control ES-MaACL
005 - FECHA Y HORA DE LA ÚLTIMA TRANSACCIÓN
campo de control 20250815082418.0
007 - CAMPO FIJO DE DESCRIPCIÓN FÍSICA--INFORMACIÓN GENERAL
campo de control de longitud fija t|
008 - DATOS DE LONGITUD FIJA--INFORMACIÓN GENERAL
campo de control de longitud fija 060926s1954 sp |||| | spa d
080 ## - NÚMERO DE LA CLASIFICACIÓN DECIMAL UNIVERSAL
Número de la Clasificación Decimal Universal 338(460)"1939/1961"
100 1# - ENTRADA PRINCIPAL--NOMBRE DE PERSONA
Nombre de persona Pérez Urruti, Manuel.
Término indicativo de función/relación Autor
9 (RLIN) 91188
245 13 - MENCIÓN DEL TÍTULO
Título La coyuntura actual de la producción española /
Mención de responsabilidad, etc. Manuel Pérez Urruti.
260 ## - PUBLICACIÓN, DISTRIBUCIÓN, ETC.
Lugar de publicación, distribución, etc. Madrid :
Nombre del editor, distribuidor, etc. Aguilar,
Fecha de publicación, distribución, etc. [1954]
300 ## - DESCRIPCIÓN FÍSICA
Extensión XV, 217 p. ;
Dimensiones 19 cm.
490 1# - MENCIÓN DE SERIE
Mención de serie Biblioteca de ciencias sociales. Economía
651 #4 - PUNTO DE ACCESO ADICIONAL DE MATERIA--NOMBRE GEOGRÁFICO
Nombre geográfico España-
Subdivisión general Situación económica-
Subdivisión cronológica 1939-1955.
9 (RLIN) 167677
830 10 - PUNTO DE ACCESO ADICIONAL DE SERIE-TÍTULO UNIFORME
Título uniforme Biblioteca de ciencias sociales (Aguilar).
Nombre de parte o sección de la obra Economía
9 (RLIN) 181705
852 ## - LOCALIZACIÓN
Ubicación ES-MaACL
Ubicación en estantería Depósito 2
Donativo/Legado Biblioteca Juan Andrade
Número de control de estantería AND-794
itemnumber 110111
852 ## - LOCALIZACIÓN
Ubicación ES-MaACL
Sublocalización o colección R.35901
Ubicación en estantería Sala Palomar
Número de control de estantería C-6940/Ej.1
itemnumber 124565
903 ## - NOMBRE PERSONAL DE DONANTE
9 21511
a Andrade, Juan,
d 1897-1981
e Donante
q 1
942 ## - ELEMENTOS DE ENTRADA SECUNDARIOS (KOHA)
Fuente del sistema de clasificación o colocación Clasificación decimal universal
Holdings
Estatus retirado Estado de pérdida Fuente del sistema de clasificación o colocación Estado de daño No para préstamo Biblioteca de origen Biblioteca actual Ubicación en estantería Fecha de adquisición Fuente de adquisición Total de préstamos Signatura topográfica completa Código de barras Visto por última vez Tipo de ítem Koha Restricciones de uso Precio de reemplazo
    Clasificación decimal universal     Biblioteca del Ateneo de Madrid Biblioteca del Ateneo de Madrid Depósito 2 17/01/2008 Legado   AND-794 1110757 23/02/2023 Libro impreso    
    Clasificación decimal universal     Biblioteca del Ateneo de Madrid Biblioteca del Ateneo de Madrid Sala Palomar 17/01/2008     C-6940/Ej.1 1125171 23/02/2023 Libro impreso Duplicado 23/02/2023